000 00686nam a22001937a 4500
005 20251108172821.0
008 250721s2002 xx 000 0 ara d
082 1 4 _a347.56501/غيث
100 1 _aغيث، عزت
245 1 0 _aقانون محاكم الصلح رقم (15) لسنة 1952 و قانون التحكيم رقم (31) لسنة 2001 /
264 1 _aعمان :
_bدار قنديل للنشر و التوزيع،
_c2002.
300 _a53 ص.
490 0 _aسلسلة التشريعات القضائية
_v15
650 1 7 _aالقانون المدني
650 1 7 _aالمحاكم المدنية
650 1 7 _aتاريخ الأردن
942 _2ddc
_cBK
999 _c89206
_d89206